Tourism marketing: (Record no. 27913)

MARC details
000 -LEADER
fixed length control field 00803nam a22002297a 4500
005 - DATE AND TIME OF LATEST TRANSACTION
control field 20180801131851.0
008 - FIXED-LENGTH DATA ELEMENTS--GENERAL INFORMATION
fixed length control field 090626t xxu||||| |||| 00| 0 eng d
010 ## - LCCN (DPL NO)
LC control number ENG-94235
020 ## - INTERNATIONAL STANDARD BOOK NUMBER
International Standard Book Number 8173913668
Terms of availability 995.00
035 ## - SYSTEM CONTROL NUMBER
System control number EN-77768, B-019417
037 ## - SOURCE OF ACQUISITION
Source of stock number/acquisition DBAD / VEN
040 ## - CATALOGING SOURCE
Original cataloging agency dpl
Language of cataloging English
082 ## - DEWEY DECIMAL CLASSIFICATION NUMBER
Classification number 338.4791
245 ## - TITLE STATEMENT
Title Tourism marketing:
Statement of responsibility, etc edited by Ratandeep Singh
Remainder of title principles, policies and strategies /
260 ## - PUBLICATION, DISTRIBUTION, ETC. (IMPRINT)
Place of publication, distribution, etc New Delhi
Name of publisher, distributor, etc Kanishka Publishers, Distributors
Date of publication, distribution, etc 2004
270 ## - ADDRESS
Address 4697/5-21A, Ansari Road, Darya Ganj
City New Delhi
Postal code 110002
300 ## - PHYSICAL DESCRIPTION
Extent vii, 598p.
Dimensions 23cm(Hb)
500 ## - GENERAL NOTE
General note Includes index
700 ## - ADDED ENTRY--PERSONAL NAME
Personal name Singh, Ratandeep
942 ## - ADDED ENTRY ELEMENTS (KOHA)
Source of classification or shelving scheme Dewey Decimal Classification
Item type English Books
Call number suffix TOU
Classification part 338.4791
Holdings
Withdrawn status Lost status Source of classification or shelving scheme Damaged status Not for loan Collection code Home library Current library Date acquired Source of acquisition Cost, normal purchase price Total Checkouts Full call number Barcode Date last seen Copy number Cost, replacement price Koha item type
    Dewey Decimal Classification   Not For Loan Non-fiction D.B.Act.Division D.B.Act.Division 26/06/2009 DBAD / VEN 995.00   338.4791 TOU EN-77768 26/06/2009 1 995.00 English Books
    Dewey Decimal Classification     Non-fiction Shahdara Branch Shahdara Branch 01/08/2018 BPPD/PUB 0.00   338.4791 TOU B-019417 01/08/2018   0.00 English Books

© Delhi Public Library
Hit Counter
free hit counter